000
00343nam a2200145Ia 4500
100
_a
Charniak Eugene
942
_c
BK
654
_a
Computer
245
_a
Introduction to Artifical Intelligence
260
_b
ADDISON-WESLEY PUBLICATION CO.
_a
California
_c
1984
082
_a
6.3
_b
PAN
300
_a
701
546
_a
ENGLISH
999
_c
19851
_d
19851